<?xml version="1.0" encoding="UTF-8"?>
<record
    xmlns:xsi="http://www.w3.org/2001/XMLSchema-instance"
    xsi:schemaLocation="http://www.loc.gov/MARC21/slim http://www.loc.gov/standards/marcxml/schema/MARC21slim.xsd"
    xmlns="http://www.loc.gov/MARC21/slim">

  <leader>01229aas a2200229   4500</leader>
  <datafield tag="952" ind1=" " ind2=" ">
    <subfield code="0">0</subfield>
    <subfield code="1">0</subfield>
    <subfield code="4">0</subfield>
    <subfield code="7">0</subfield>
    <subfield code="8">HEM</subfield>
    <subfield code="a">FUSBC</subfield>
    <subfield code="b">FUSBC</subfield>
    <subfield code="d">2016-01-26</subfield>
    <subfield code="l">0</subfield>
    <subfield code="o"> </subfield>
    <subfield code="r">2016-01-26 00:00:00</subfield>
    <subfield code="w">2016-01-26</subfield>
    <subfield code="y">ANA</subfield>
  </datafield>
  <datafield tag="999" ind1=" " ind2=" ">
    <subfield code="c">53701</subfield>
    <subfield code="d">53701</subfield>
  </datafield>
  <controlfield tag="001">768714001</controlfield>
  <controlfield tag="003">CO-MdFUSB</controlfield>
  <controlfield tag="005">20171107115643.0</controlfield>
  <controlfield tag="008">170727s1996    xxu||||| |||| 00| 0 eng d</controlfield>
  <datafield tag="022" ind1=" " ind2=" ">
    <subfield code="a">0098-9444</subfield>
  </datafield>
  <datafield tag="040" ind1=" " ind2=" ">
    <subfield code="a">CO-MdFUSB</subfield>
    <subfield code="b">spa</subfield>
    <subfield code="c">CO-MdFUSB</subfield>
    <subfield code="d">CO-MdFUSB</subfield>
  </datafield>
  <datafield tag="041" ind1=" " ind2=" ">
    <subfield code="a">spa</subfield>
  </datafield>
  <datafield tag="100" ind1="1" ind2=" ">
    <subfield code="a">Dewsnap, Molly</subfield>
    <subfield code="e">autor </subfield>
  </datafield>
  <datafield tag="242" ind1="1" ind2="4">
    <subfield code="a">Los gemelos y el erudito : </subfield>
    <subfield code="b">c&#xF3;mo dos Hermanas victorianas y un Rabino descubrieron el texto hebreo de Ben Sira</subfield>
  </datafield>
  <datafield tag="245" ind1="1" ind2="4">
    <subfield code="a">The twins and the scholar : </subfield>
    <subfield code="b">how two Victorian Sisters and Rabbi discovered the hebrew text of Ben Sira</subfield>
    <subfield code="c">/ Molly Dewsnap</subfield>
  </datafield>
  <datafield tag="300" ind1=" " ind2=" ">
    <subfield code="a">Volumen 22. N&#xFA;mero 5 (1996), p&#xE1;ginas 54-62</subfield>
    <subfield code="c">: 28 cm.</subfield>
  </datafield>
  <datafield tag="520" ind1="1" ind2=" ">
    <subfield code="a">elogiemos ahora a las mujeres famosas: cuando hermanas gemelas en busca de manuscritos b&#xED;blicos hace 100 a&#xF1;os, tuvieron &#xE9;xito mucho m&#xE1;s de lo que podr&#xED;an haber esperado, no solo encontrando el texto hebreo original de la Sabidur&#xED;a de Ben Sira, sino tambi&#xE9;n siguiendo el rastro del mayor tesoro manuscrito jud&#xED;o jam&#xE1;s encontrado.</subfield>
  </datafield>
  <datafield tag="546" ind1=" " ind2=" ">
    <subfield code="a">Texto en ingl&#xE9;s</subfield>
  </datafield>
  <datafield tag="650" ind1=" " ind2="7">
    <subfield code="9">403</subfield>
    <subfield code="a">Excavaciones arqueol&#xF3;gicas</subfield>
  </datafield>
  <datafield tag="773" ind1="0" ind2=" ">
    <subfield code="t">Biblical Archaeology Review</subfield>
    <subfield code="0">49395</subfield>
    <subfield code="9">59493</subfield>
    <subfield code="g">Volumen 22. N&#xFA;mero 5 (1996), p&#xE1;ginas 54-62</subfield>
    <subfield code="q">P&#xE1;gina 54</subfield>
  </datafield>
  <datafield tag="942" ind1=" " ind2=" ">
    <subfield code="c">ANA</subfield>
  </datafield>
</record>
